| 000 | 00760nam a22001577a 4500 | ||
|---|---|---|---|
| 003 | OSt | ||
| 005 | 20150918093625.0 | ||
| 008 | 150918b xxu||||| |||| 00| 0 eng d | ||
| 040 | _cRUA | ||
| 082 | _aAGR CHI 2005 B032 Or.1 | ||
| 100 |
_9726 _aCHIN, SILEN. |
||
| 245 | _aEffect of stoeung mean chey compost on green mustrd under condition of the royal university of agriculture, (ឥទ្ធិពលនៃជីកំប៉ុស្តិ៏ស្ទឺងមានជ័យលើការលូតលាស់ដំណាំស្ពៃខៀវក្នុងលក្ខខណក្ឌ័សាកលវិទ្យាល័យភូមិន្ទកសិកម្ម) | ||
| 260 |
_aPhnom Penh _bRUA _c2005 |
||
| 300 |
_a47p. _bill. _c29cm. |
||
| 942 |
_2ddc _cAGR |
||
| 999 |
_c699 _d699 |
||